| 000 | 00647nam a2200193Ia 4500 | ||
|---|---|---|---|
| 003 | SISC | ||
| 005 | 20181027101449.0 | ||
| 008 | 181023s9999 xx 000 0 und d | ||
| 020 | _a9789719806127 | ||
| 050 |
_aLB 2369 _b.C933 2017 |
||
| 100 | _aCristobal, Amadeo Pangilinan | ||
| 245 |
_aPractical research for senior high school 1/ _cAmadeo Pangilinan Cristobal, Maura Consolacion De La Cruz Cristobal |
||
| 260 |
_aQuezon City: _bC and E Publishing, Inc. _c2017 |
||
| 300 |
_avii, 286 pages : _c25 cm. |
||
| 500 | _aIncludes bibliographical reference and index. | ||
| 650 | _aResearch -- Methodology | ||
| 942 |
_2lcc _cBK |
||
| 999 |
_c359411 _d359411 |
||